• Caelestius,

di Personal Name

Records bibliografici associati: 1

001 - CONTROL NUMBER

  • control field: 54296

003 - CONTROL NUMBER IDENTIFIER

  • control field: IT-RoINE

005 - DATE AND TIME OF LATEST TRANSACTION

  • control field: 20181113084226.0

008 - FIXED-LENGTH DATA ELEMENTS

  • fixed length control field: 181113|| aca||aabn | a|a d

040 ## - CATALOGING SOURCE

  • Original cataloging agency: IT-RoINE
  • Transcribing agency: IT-RoINE

100 0# - HEADING--PERSONAL NAME

  • Personal name: Caelestius,
  • Dates associated with a name: fl. 405-431

400 0# - SEE FROM TRACING--PERSONAL NAME

  • Personal name: Caelestinus‏ ‎Pelagianus,
  • Dates associated with a name: fl. 405-431

400 0# - SEE FROM TRACING--PERSONAL NAME

  • Personal name: Caelestius‏ ‎Afer‏,
  • Dates associated with a name: fl. 405-431

400 0# - SEE FROM TRACING--PERSONAL NAME

  • Personal name: Coelestinus‏ ‎Pelagianus‏,
  • Dates associated with a name: fl. 405-431

400 0# - SEE FROM TRACING--PERSONAL NAME

  • Personal name: Coelestius‏ ‎Pelagianus‏,
  • Dates associated with a name: fl. 405-431

670 ## - SOURCE DATA FOUND

  • Source citation: Work cat.: (IT-RoINE): Wermelinger, Otto, 1939- 54294, Rom un Pelagius :, 1975.